Exhortación apostólica postsinodal Ecclesia in America: a los obispos, a los presbíteros y diáconos, a los consagrados y consagradas y a todos los fieles Laicos sobre el encuentro con Jesucristo vivo, camino para la conversión, la comunión y la solidaridad en América
Պահպանված է:
| Հիմնական հեղինակ: | |
|---|---|
| Ձևաչափ: | Գիրք |
| Լեզու: | իսպաներեն |
| Հրապարակվել է: |
Santiago
Paulinas
1999
Santiago San Pablo 1999 |
| Հրատարակություն: | 2a. ed |
| Խորագրեր: | |
| Ցուցիչներ: |
Ավելացրեք ցուցիչ
Չկան պիտակներ, Եղեք առաջինը, ով նշում է այս գրառումը!
|
MARC
| LEADER | 00000cam a2200000 a 4500 | ||
|---|---|---|---|
| 001 | UCD2742 | ||
| 003 | CL-VaPUC | ||
| 008 | 160505e19990300cl |||||||||||||||||spa|d | ||
| 020 | |a 9562563308 | ||
| 082 | 0 | 4 | |a 262.91 |b JUA |2 21 |
| 100 | |a Juan Pablo II |e author |9 309920 | ||
| 245 | 1 | 0 | |a Exhortación apostólica postsinodal Ecclesia in America: a los obispos, a los presbíteros y diáconos, a los consagrados y consagradas y a todos los fieles Laicos sobre el encuentro con Jesucristo vivo, camino para la conversión, la comunión y la solidaridad en América |
| 250 | |a 2a. ed | ||
| 300 | |a 139 p | ||
| 942 | |c BK | ||
| 945 | |d 20160505 16:04:00 |a arojas | ||
| 260 | |a Santiago |b Paulinas |c 1999 | ||
| 260 | |a Santiago |b San Pablo |c 1999 | ||
| 650 | 0 | |a Encíclicas papales |9 314532 | |
| 650 | 7 | |a OBISPOS |2 CL-VaPUC |9 586108 | |
| 650 | 7 | |a DIACONOS |2 CL-VaPUC |9 257352 | |
| 650 | 0 | |a Laicos |9 255625 | |
| 651 | 0 | |a América |9 255182 | |
| 583 | |a last modification |c 20160726 01:37:44 |k Rodrigo Vera | ||
| 999 | |c 363863 |d 363861 | ||
| 952 | |0 0 |1 0 |3 erb |4 0 |6 262_910000000000000_JUA_1999_1999 |7 0 |8 A |9 476691 |a BIBTEO |b BIBTEO |e Villagrán Garnham, Jorge |i 5302242 |o 262.91 JUA 1999 1999 |p 5302242 |r 2025-01-17 |w 2019-11-24 |y BK |z Catalogado en:20160505 |k ICR | ||
| 952 | |0 0 |1 0 |3 erb |4 0 |6 262_910000000000000_JUA_1999_1999 |7 0 |8 A |9 476692 |a BIBTEO |b BIBTEO |e Villagrán Garnham, Jorge |i 5317762 |o 262.91 JUA 1999 1999 |p 5317762 |r 2025-01-17 |w 2019-11-24 |y BK |z Catalogado en:20160731 |k ICR | ||
| 952 | |0 0 |1 0 |3 erb |4 0 |6 262_910000000000000_JUA_1999_1999 |7 0 |8 A |9 476693 |a BIBTEO |b BIBTEO |e Villagrán Garnham, Jorge |i 5317711 |o 262.91 JUA 1999 1999 |p 5317711 |r 2025-01-17 |w 2019-11-24 |y BK |z Catalogado en:20160731 |k ICR | ||